DOS/VSE assembler language (Record no. 182814)

MARC details
000 -LEADER
fixed length control field 00406nam a2200157Ia 4500
008 - FIXED-LENGTH DATA ELEMENTS--GENERAL INFORMATION
fixed length control field 231217s9999 xx 000 0 und d
020 ## - INTERNATIONAL STANDARD BOOK NUMBER
International Standard Book Number 911625313
041 ## - LANGUAGE CODE
Language code of text/sound track or separate title English
082 ## - DEWEY DECIMAL CLASSIFICATION NUMBER
Classification number 005.225 MCQ;1 R
100 ## - MAIN ENTRY--PERSONAL NAME
Personal name Mcquillen, Kevin Prince, Anne
245 #0 - TITLE STATEMENT
Title DOS/VSE assembler language
260 ## - PUBLICATION, DISTRIBUTION, ETC.
Date of publication, distribution, etc. 1986
Name of publisher, distributor, etc. Mike Murach
Place of publication, distribution, etc. California
300 ## - PHYSICAL DESCRIPTION
Extent xi+492
650 ## - SUBJECT ADDED ENTRY--TOPICAL TERM
Topical term or geographic name entry element DOS/VSE,assembler
942 ## - ADDED ENTRY ELEMENTS (KOHA)
Koha item type Books
Holdings
Date last seen Total checkouts Full call number Accession number Price effective from Category Lost status Damaged status Department Withdrawn status Home library Current library Shelving location Entry date Vendor Grants Billdate Currency symbol Conversion rate Discount Old discount
26/01/2024   005.225 MCQ;1 R 53591 26/01/2024 Books     Central Library   Central Library Central Library Library Annex 24/03/2009 Publisher DONATED 05/09/2012 RS 1    

© For any Suggestions or Query, please contact the library staff @ librarian@pes.edu or Phone: +9180 2672 1983/ 2108.